| 000 | 01306cam a2200373 a 4500 | ||
|---|---|---|---|
| 999 |
_c10267 _d10267 |
||
| 001 | 194085 | ||
| 003 | OSt | ||
| 005 | 20200101142410.0 | ||
| 008 | 981022r19981973ii b 001 0 eng | ||
| 010 | _a 98907628 | ||
| 020 | _a0195647343 | ||
| 020 | _a9780195647341 | ||
| 025 | _aI-E-98-907628; 79-13 | ||
| 037 |
_bLibrary of Congress -- New Delhi Field Office _cRs225.00 |
||
| 040 |
_aDLC _coclc _dDLC |
||
| 042 | _alcode | ||
| 043 | _aa-ii--- | ||
| 050 | 0 | 0 |
_aHB99.3.S462 _bS462 1998 |
| 082 | 0 | 0 |
_a330.1556 _221 _bSEN/O |
| 100 | 1 |
_aSen, Amartya, _d1933- _9639 |
|
| 245 | 1 | 0 |
_aOn Economic Inequality / _cAmartya Sen ; James E Foster |
| 250 | _aEnl. ed. / James E. Foster and Amartya Sen. | ||
| 260 |
_aDelhi ; _aNew York : _bOxford University Press, _c1998. |
||
| 300 |
_a260 p. _c22 cm. |
||
| 440 | 0 | _aOxford India paperbacks | |
| 500 | _aOriginally published: 1973. | ||
| 504 | _aIncludes bibliographical references (p. [221]-251) and indexes. | ||
| 650 | 0 | _aWelfare economics. | |
| 650 | 0 | _aEquality. | |
| 700 | 1 |
_aFoster, James E. _q(James Eric), _d1955- _91017 |
|
| 906 |
_a7 _bcbc _corigode _d3 _encip _f19 _gy-gencatlg |
||
| 942 |
_2ddc _cBK _h330.1556 _iSEN/O _k330.1556 _mSEN/O |
||